Arvaa Suomalainen Musiikkikappale Kuvasta - Statistics

Yleistilastot
  • Tätä visaa on pelattu 1 827 kertaa
  • Keskiarvotulos 9 / 15
Vastaustilastot
Kuvavisa Hint Vastaus % Oikein
Dingo Autiotalo
93%
Darude Sandstorm
90%
Antti Tuisku Keinutaan
84%
Tuure KIlpeläinen Autiosaari
83%
Egotrippi Matkustaja
81%
Joutsenlaulu
79%
Jukka Poika Silkkii
76%
Pelle Miljoona Moottoritie on kuuma
72%
J. Karjalainen Villejä lupiineja
54%
Rauli Badding Somerjoki Paratiisi
53%
Katri Helena Katson autiota hiekkarantaa
46%
Apulanta Anna mulle piiskaa
33%
Asa feat. Anna Puu Taulu
31%
Pepe Willberg Saat miehen kyyneliin
18%
CMX Kultanaamio
15%
Ehtoja vastaavia visoja ei löytynyt
Tulosjakauma
Jokaisen tuloksen saaneiden osuus
Persentiili vastausten määrän mukaan
Tuloshistoriasi
Et ole pelannut tätä visaa